书目信息 |
| 题名: |
实用处方拉丁文
|
|
| 作者: | 吴景时 , 潘振钧 编 | |
| 分册: | ||
| 出版信息: | 哈尔滨 黑龙江科学技术出版社 1983 |
|
| 页数: | 651页 | |
| 开本: | 19cm | |
| 丛书名: | ||
| 单 册: | ||
| 中图分类: | H771 , R925 | |
| 科图分类: | ||
| 主题词: | 处方-拉丁文 , 拉丁文-处方 , 药典 , 药方--汇编 , 药物--鉴定 | |
| 电子资源: | ||
| ISBN: | ||
| 000 | 00807nam0 2200313 45 | |
| 001 | 0183006998 | |
| 005 | 20040524085729.8 | |
| 010 | @dCNY2.65 | |
| 091 | @a14217.036 | |
| 100 | @a19950510d1983 em y0chiy0121 ea | |
| 101 | 0 | @achi@alat |
| 102 | @aCN@b230000 | |
| 105 | @ay z 000yy | |
| 106 | @ar | |
| 200 | 10 | @a实用处方拉丁文@Ashi yong chu fang la ding wen@f吴景时,潘振钧编 |
| 210 | @a哈尔滨@c黑龙江科学技术出版社@d1983 | |
| 215 | @a651页@d19cm | |
| 606 | @a处方-拉丁文 | |
| 606 | @a拉丁文-处方 | |
| 606 | 0 | @a药典 |
| 606 | 0 | @a药方@x汇编 |
| 606 | 0 | @a药物@x鉴定 |
| 690 | @aH771@v3 | |
| 690 | @aR925 | |
| 701 | 0 | @a吴景时@Awu jing shi@4编 |
| 701 | 0 | @a潘振钧@Apan zhen jun@4编 |
| 801 | 0 | @aCN@b上海图书馆@c20040524 |
| 801 | 2 | @aCN@bNLC@c20040524 |
| 905 | @f1@b155620@dR925@e18 | |
| 实用处方拉丁文/吴景时,潘振钧编.-哈尔滨:黑龙江科学技术出版社,1983 |
| 651页;19cm |
| ISBN :CNY2.65 |
| ● |
| 相关链接 |
|
|
|
|
正题名:实用处方拉丁文
索取号:R925/18
 
预约/预借
| 序号 | 登录号 | 条形码 | 馆藏地/架位号 | 状态 | 备注 |
| 1 | 0155620 | 001698096 | 第三借阅区/ [索取号:R925/18] | 在馆 | |
| 2 | 0155621 | 001698069 | 第二样本阅览室/ [索取号:R925/18] | 在馆 |